Design and analysis of Metasurfaces for Polarization Conversion of Electromagnetic Waves / (Record no. 527408)
[ view plain ]
| 000 -LEADER | |
|---|---|
| fixed length control field | 00701nam a22002057a 4500 |
| 003 - CONTROL NUMBER IDENTIFIER | |
| control field | NUST |
| 005 - DATE AND TIME OF LATEST TRANSACTION | |
| control field | 20240726101355.0 |
| 008 - FIXED-LENGTH DATA ELEMENTS--GENERAL INFORMATION | |
| fixed length control field | 190726b ||||| |||| 00| 0 eng d |
| 038 ## - RECORD CONTENT LICENSOR | |
| Staff Name | Mr. Noman |
| 082 ## - DEWEY DECIMAL CLASSIFICATION NUMBER | |
| Classification number | 200 |
| 100 ## - MAIN ENTRY--PERSONAL NAME | |
| Personal name | Knan, Muhammad Ismail |
| 9 (RLIN) | 18646 |
| 245 ## - TITLE STATEMENT | |
| Title | Design and analysis of Metasurfaces for Polarization Conversion of Electromagnetic Waves / |
| Statement of responsibility, etc. | Muhammad Ismail Khan. |
| 260 ## - PUBLICATION, DISTRIBUTION, ETC. | |
| Place of publication, distribution, etc. | Islamabad: |
| Name of publisher, distributor, etc. | SEECS - NUST, |
| Date of publication, distribution, etc. | 2018. |
| 300 ## - PHYSICAL DESCRIPTION | |
| Extent | xix, 92 p.: ill.; |
| Dimensions | 30cm. |
| Accompanying material | +CD |
| 500 ## - GENERAL NOTE | |
| General note | Hardcover. |
| 650 ## - SUBJECT ADDED ENTRY--TOPICAL TERM | |
| Topical term or geographic name entry element | PhD-Electrical Engineering |
| 9 (RLIN) | 84162 |
| 700 ## - ADDED ENTRY--PERSONAL NAME | |
| Personal name | Supervisor:Dr. Farooq Ahmad Tahir. |
| 9 (RLIN) | 96850 |
| 856 ## - ELECTRONIC LOCATION AND ACCESS | |
| Uniform Resource Identifier | <a href="http://10.250.8.41:8080/xmlui/handle/123456789/26164">http://10.250.8.41:8080/xmlui/handle/123456789/26164</a> |
| 942 ## - ADDED ENTRY ELEMENTS (KOHA) | |
| Source of classification or shelving scheme | |
| Koha item type | Soft Copy |
| Withdrawn status | Lost status | Source of classification or shelving scheme | Damaged status | Not for loan | Permanent Location | Current Location | Shelving location | Date acquired | Full call number | Barcode | Date last seen | Price effective from | Koha item type | Total Checkouts |
|---|---|---|---|---|---|---|---|---|---|---|---|---|---|---|
| Central Library (CL) | Central Library (CL) | Thesis | 07/26/2019 | 200 | CLPT-34 | 08/02/2019 | 07/26/2019 | Soft Copy | ||||||
| Central Library (CL) | Central Library (CL) | Thesis | 07/26/2024 | 200 | CLPT-33 | 07/26/2024 | 07/26/2024 | Soft Copy |
